01620nam a22003977a 4500003000500000005001700005008004100022010001000063011001000073035001000083040000900093090001000102100003800112245014900150260004000299300001000339502009300349590003700442590004100479590004100520590004100561590004100602590004100643590004200684650002300726650002700749650001900776650002900795901000700824942000900831949004300840949005500883999001700938952013900955952012801094CHAP20220329135632.0971013s1995 r 00010 d a39703 a40675 a44801 cCHAP aTesis00aRendón García, Amelia.995924 aEspecies de Diabrótica (Coleoptera : chrysomelidae) y extracción de larvas del sistema radical de maíz (Zea mays L.) en Chapingo, México aChapingo, Méx. :bEl autor,c1995 a61 h. aTesis (M.C. en Protección Vegetal) -- UACH. Departamento de Parasitología Agrícola aALEPHb10c20130110lUCH01h1308 aBATCH-UPDb10c20130110lUCH01h0230 aBATCH-UPDb10c20130110lUCH01h1856 aBATCH-UPDb10c20130409lUCH01h2253 aBATCH-UPDb10c20130410lUCH01h1224 aBATCH-UPDb10c20130914lUCH01h1159 aCONVERSIONb10c20130109lUCH01h132214aDiabrotica.93238214aMaízxPlagas.97103414aOrugas.98415214aRaícesxPlagas.994676 aBK cFOLL bBCcTESd-102629eTS1h27867i44801si bBCcTESd33724000006573eTS2fc.2h27868i44801si c39703d39703 00102local4053708TESISaBCbBCcPA_TESISd2019-12-31fFOLLl0oTesisp33724000006573r2019-12-31 00:00:00tc.2w2019-12-31yTESIS 00102local4051708TESISaBCbBCcPA_TESISd2019-12-31fTESISl0oTesisp-102629r2019-12-31 00:00:00w2019-12-31yTESIS